00537 2200181 4500001002100000005001700021035002400038040001200062082001300074084002300087110003900110245008200149260004400231300002600275650002100301850001200322990002100334YOGYA00000000009612020170523131040.0 0010-081400000095837 aYOPDYOG a630.0212 aDEP 630.0212 Bad S aBADAN Pusat Statistik (Yogyakarta) aStatistik Pertanian Tanaman Pangan Propinsi DIY 2000c/ Badan Pusat Statistik aYogyakartabBadan Pusat Statistikc2001 aii, 81 hlm.c; 28 cm. aPertanian, Hasil aYOPDYOG aCB-D.11/2001-622